Molecular docking studies on cholinesterase inhibitors for Alzheimers disease. (Record no. 220152)

MARC details
000 -LEADER
fixed length control field 00469nam a2200157Ia 4500
003 - CONTROL NUMBER IDENTIFIER
control field OSt
005 - DATE AND TIME OF LATEST TRANSACTION
control field 20230527112258.0
008 - FIXED-LENGTH DATA ELEMENTS--GENERAL INFORMATION
fixed length control field 211028s2008 xx 000 0 und d
040 ## - CATALOGING SOURCE
Transcribing agency AIMIT LIBRARY
041 ## - LANGUAGE CODE
Language code of text/sound track or separate title eng
100 ## - MAIN ENTRY--PERSONAL NAME
Personal name Rodrigues, Alfreeda Zita; Maheshwari, Uma.
Miscellaneous information 60471503
9 (RLIN) 8978
110 ## - MAIN ENTRY--CORPORATE NAME
Corporate name or jurisdiction name as entry element Uma Maheshwari
9 (RLIN) 8979
245 ## - TITLE STATEMENT
Title Molecular docking studies on cholinesterase inhibitors for Alzheimers disease.
260 ## - PUBLICATION, DISTRIBUTION, ETC.
Place of publication, distribution, etc. Mangalore
Date of publication, distribution, etc. 2008
942 ## - ADDED ENTRY ELEMENTS (KOHA)
Source of classification or shelving scheme Dewey Decimal Classification
Koha item type Project Report
Holdings
Withdrawn status Lost status Source of classification or shelving scheme Damaged status Not for loan Collection code Home library Current library Date acquired Source of acquisition Total Checkouts Barcode Date last seen Copy number Price effective from Koha item type
    Dewey Decimal Classification     Project Report Bioinformatics St Aloysius Institute of Management & Information Technology St Aloysius Institute of Management & Information Technology 10/28/2021 Bioinformatics   PBI00045 10/28/2021 060471503 10/28/2021 Project Report